|
|
|
|
| LEADER |
00000naa a2200000uu 4500 |
| 001 |
vtls010940707 |
| 003 |
SK-MaSNL |
| 005 |
20260302142011.0 |
| 008 |
220810|1999 xo |||||||||||||||||cze| |
| 015 |
|
|
|a SNBRA
|
| 035 |
|
|
|a (urnnbn)urn:nbn:sk:snk:ar-a0bbi7
|
| 035 |
|
|
|a (uuid)6ed9cd61-57ee-4b3b-977f-bf22bcbe9807
|
| 035 |
|
|
|a urn:nbn:sk:snk-aau3s7
|
| 040 |
|
|
|a SNKBUCL
|b slo
|c SNKBUCL
|e AACR2
|
| 041 |
0 |
|
|a cze
|
| 044 |
|
|
|a xo
|c SK
|
| 100 |
1 |
|
|a Šír, Miloslav,
|d 1956-
|4 aut
|9 116271
|
| 245 |
1 |
0 |
|a VLIV POROSTU NA VODNÍ REŽIM PŮD
|c Miloslav Šír, Miroslav Tesař, Oldřich Syrovátka, Václav Eliáš
|
| 700 |
1 |
|
|a Tesař, Miroslav,
|d 1956-
|4 aut
|9 116270
|
| 700 |
1 |
|
|a Syrovátka, Oldřich
|4 aut
|9 104772
|
| 700 |
1 |
|
|a Eliáš, Václav,
|d 1934-2002
|4 aut
|9 241974
|
| 773 |
0 |
|
|t Vplyv antropogénnej činnosti na vodný režim nížinného územia
|d Bratislava : Ústav hydrológie Slovenskej akadémie vied, 1999
|g S. 339-343
|z 8096780867
|
| 954 |
|
|
|a odborná, vedecká literatúra cudzojazyčná (svetová)
|2 lita
|
| 958 |
|
|
|a OND
|
| 958 |
|
|
|a article11
|
| 958 |
|
|
|a chapter
|
| 999 |
|
|
|c 1337726
|d 1339656
|